STN EN 1728: 2013 (91 0507), Nábytok. Sedací nábytok. Skúšobné metódy na stanovenie pevnosti a trvanlivosti
Táto norma je slovenskou verziou európskej normy EN 1728: 2012. Preklad zabezpečil Slovenský ústav technickej normalizácie. Má rovnaké postavenie ako majú oficiálne verzie
| Corporate Author: | |
|---|---|
| Other Authors: | |
| Format: | Book |
| Language: | Slovak English |
| PhysicalDescription: | 48 s. obr., tab. 30 cm |
| Published: |
Bratislava
Slovenský ústav technickej normalizácie
2013
|
| Subjects: |
MARC
| LEADER | 00000cam a2200000 a 4500 | ||
|---|---|---|---|
| 001 | vtls010504123 | ||
| 003 | SK-MaSNL | ||
| 005 | 20260301214553.0 | ||
| 008 | 160430s2013 xo a f u 000 0 slo | ||
| 015 | |a SNBN2013 | ||
| 020 | |c (cen. skup. 6) | ||
| 040 | |a SNK |b slo |c SNK |e AACR2 | ||
| 041 | 1 | |a slo |h eng | |
| 044 | |a xo |c SK | ||
| 046 | |a s |m 201304 (účin.) | ||
| 072 | 7 | |a 645 |x Nábytok |2 konspekt | |
| 080 | |a 645.4/.6 |2 2001 | ||
| 080 | |a 006.7/.8 |2 2001 | ||
| 080 | |a (437.6) |2 2001 | ||
| 080 | |a (4) |2 2001 | ||
| 084 | |a 97.140 |2 ICS | ||
| 130 | 0 | |a STN 91 0507 (STN EN 1728) |9 603150 | |
| 245 | 1 | 0 | |a STN EN 1728: 2013 (91 0507), Nábytok. Sedací nábytok. Skúšobné metódy na stanovenie pevnosti a trvanlivosti |
| 246 | 3 | 0 | |a EN 1728: 2012 SK |
| 246 | 1 | 0 | |a Nábytok |
| 246 | 1 | 0 | |a Sedací nábytok |
| 246 | 1 | 0 | |a Skúšobné metódy na stanovenie pevnosti a trvanlivosti |
| 246 | 3 | 0 | |a EN 1728: 2012/AC: 2013 SK |
| 260 | |a Bratislava |b Slovenský ústav technickej normalizácie |c 2013 | ||
| 300 | |a 48 s. |b obr., tab. |c 30 cm | ||
| 500 | |a Súbežný názov v angličtine, francúzštine, nemčine | ||
| 500 | |a Táto norma nahrádza STN EN 1728 z októbra 2002 v celom rozsahu | ||
| 500 | |a Spracovateľ: Technická univerzita Zvolen, Pavol Joščák | ||
| 500 | |a Dátum účinnosti opravy normy: november 2013 | ||
| 504 | |a Citované normy, súvisiace právne predpisy s. 2 | ||
| 520 | 8 | |a Táto norma je slovenskou verziou európskej normy EN 1728: 2012. Preklad zabezpečil Slovenský ústav technickej normalizácie. Má rovnaké postavenie ako majú oficiálne verzie | |
| 540 | |a STN vydané na akomkoľvek nosiči sa môžu rozmnožovať a rozširovať iba so súhlasom určenej právnickej osoby |b SÚTN Bratislava |c zákon 264/1999 Z. z. | ||
| 650 | 0 | 7 | |a nábytok |2 SNKPH |9 3744 |
| 650 | 0 | 7 | |a technické normy a štandardy |z Slovensko |2 SNKPH |9 79594 |
| 650 | 0 | 7 | |a technické normy a štandardy |z krajiny Európskej únie |2 SNKPH |9 289341 |
| 650 | 0 | 7 | |a Furniture |2 SNKPHeng |9 300443 |
| 655 | 7 | |a normy |2 SNKPH |9 70643 | |
| 700 | 1 | |a Joščák, Pavol, |d 1951- |4 trl |9 223772 | |
| 710 | 2 | |a Technická univerzita vo Zvolene |4 trl |9 76003 | |
| 710 | 2 | |a Slovenský ústav technickej normalizácie (Bratislava, Slovensko). |b Technická komisia č. 16 Drevárske výrobky |4 stn |9 319023 | |
| 852 | |a Štátna vedecká knižnica v Banskej Bystrici | ||
| 958 | |a NB | ||
| 958 | |a OP | ||
| 999 | |c 925178 |d 927108 | ||
| 952 | |a SNK |b SNK |y PREZ |7 0 |p 17A1068461 |o snkSTN EN 1728 |i snk2013/9427 |8 0 |0 0 |1 0 |4 0 |d 2013-04-24 |l 0 |r 2026-02-24 08:29:48 |w 2026-02-24 | ||
| 952 | |a SNK |b SNK |y PREZ |7 0 |p 17A1068462 |o snkSTN EN 1728 D1 |i snk2013/9428 |8 0 |0 0 |1 0 |4 0 |d 2013-04-24 |l 0 |r 2026-02-24 08:29:48 |w 2026-02-24 | ||
| 952 | |a SNK |b SNK |y PREZ |7 0 |p 17A1093789 |o snkSTN EN 1728/AC |i snk2013/29417 |8 0 |z Oprava AC/november 2013 |0 0 |1 0 |4 0 |d 2013-11-28 |l 0 |r 2026-02-24 08:29:48 |w 2026-02-24 | ||
| 952 | |a SNK |b SNK |y PREZ |7 0 |p 17A1093788 |o snkSTN EN 1728/AC D1 |i snk2013/29418 |8 0 |z Oprava AC/november 2013 |0 0 |1 0 |4 0 |d 2013-11-28 |l 0 |r 2026-02-24 08:29:48 |w 2026-02-24 | ||


